000 01148nam a2200301 a 4500
001 ebr10627945
003 CaPaEBR
006 m u
007 cr cn|||||||||
008 111117s2012 ohuad sb 001 0 eng d
010 _z 2001012345
020 _z1615038353
020 _z9781615038350
020 _z9781615039869 (e-book)
040 _aCaPaEBR
_cCaPaEBR
035 _a(OCoLC)819379738
050 1 4 _aQD503
_b.P43 2012eb
245 0 0 _aPhase diagrams
_h[electronic resource] :
_bunderstanding the basics /
_cedited by F.C. Campbell.
260 _aMaterials Park, Ohio :
_bASM International,
_c2012.
300 _aviii, 462 p. :
_bill.
504 _aIncludes bibliographical references and index.
533 _aElectronic reproduction.
_bPalo Alto, Calif. :
_cebrary,
_d2011.
_nAvailable via World Wide Web.
_nAccess may be limited to ebrary affiliated libraries.
650 0 _aPhase diagrams.
655 7 _aElectronic books.
_2local
700 1 _aCampbell, F. C.
710 2 _aebrary, Inc.
856 4 0 _uhttp://site.ebrary.com/lib/rucke/Doc?id=10627945
_zAn electronic book accessible through the World Wide Web; click to view
999 _c50850
_d50850